<?xml version="1.0" encoding="UTF-8"?>
<collection xmlns:xsi="http://www.w3.org/2001/XMLSchema-instance" xsi:schemaLocation="http://www.loc.gov/MARC21/slim http://www.loc.gov/standards/marcxml/schema/MARC21slim.xsd" xmlns="http://www.loc.gov/MARC21/slim">
 <record>
  <leader>00000ctm a22000004a 4500</leader>
  <controlfield tag="001">UP-8027390931313742118</controlfield>
  <controlfield tag="003">Buklod</controlfield>
  <controlfield tag="005">20070912130221.0</controlfield>
  <controlfield tag="006">m    |o  d |      </controlfield>
  <controlfield tag="007">ta</controlfield>
  <controlfield tag="008">070912s2005    xx     d     r    |||| u|</controlfield>
  <datafield tag="035" ind1=" " ind2=" ">
   <subfield code="a">(iLib)UPVIS-00000046759</subfield>
  </datafield>
  <datafield tag="040" ind1=" " ind2=" ">
   <subfield code="a">upv-gl</subfield>
  </datafield>
  <datafield tag="090" ind1=" " ind2="0">
   <subfield code="a">LG 995 2005 E82 R45</subfield>
  </datafield>
  <datafield tag="100" ind1="1" ind2=" ">
   <subfield code="a">Relatorres, Nimfa V.</subfield>
  </datafield>
  <datafield tag="245" ind1="1" ind2="0">
   <subfield code="a">Assessment of the Pawikan Conservation Project (PCP), Information Education Campaign (IEC) and the local community's knowledge, attitude and behavior towards sea turtle conservation and protection in Barangay Rawis, Can-avid, Eastern Samar</subfield>
   <subfield code="c">Nimfa V. Relatorres.</subfield>
  </datafield>
  <datafield tag="264" ind1=" " ind2="1">
   <subfield code="a">Cebu</subfield>
   <subfield code="b">University of the Philippines in the Visayas-Cebu College</subfield>
   <subfield code="c">2005.</subfield>
  </datafield>
  <datafield tag="500" ind1=" " ind2=" ">
   <subfield code="a">Thesis (M.S. Environmental Studies) -- Cebu : U.P. in the Visayas-Cebu College, April 2005 .</subfield>
  </datafield>
  <datafield tag="520" ind1="3" ind2=" ">
   <subfield code="a">Pawikan Conservation Project (PCP) is a project of PAWB-DENR with one of the major tasks to conduct IEC to disseminate information, increase awareness, towards sea turtle conservation and protection and solicit participation of the country's populaceThe IEC has been conducted nationwide but no evaluation was done to measure success. In this study, an enumerative survey was conducted to assess the knowledge , attitude and behavior towards sea turtle conservation and protection of the local community in barangay Rawis, Can-avid, Eastern Samarand a KI interview and document review were used to document the IEC. The data obtained from the survey were processed using SPSS. Results revealed that knowledge about .the law on sea turtle was very high while knowledge on sea turtle biology, population and impacts of human activities were low to very low. The knowledge on sea turtle population showed a high significant correlation (p&gt;0.01) to attitude towards sea turtle and their usesThis attitude revealed a significant to highly significant correlation to other attitude categories and highly significant (p&gt;0.01) to all behavior categories. Mean weighted scores of attitude .categories were not high, while mean score of reported behavior were high. Knowledge attitude and behavior categories however showed no correlation to individual's involvement in the conservation program. Factors such as inadequate planning, absence of a formative research, poor coordination and support from various agencies and institutions, limited time and resources, lack of participation, communication gap, limited monitoring and the absence of an evaluation have contributed on the insignificant impact of the PCP-IEC activity.  These results revealed the need to revisit PCP-IEC approach to strengthen then program.</subfield>
  </datafield>
  <datafield tag="650" ind1="1" ind2="0">
   <subfield code="a">Pawikan Conservation Project</subfield>
   <subfield code="x">Assessment.</subfield>
  </datafield>
  <datafield tag="650" ind1="1" ind2="0">
   <subfield code="a">Sea turtle</subfield>
   <subfield code="x">Conservation and protection.</subfield>
  </datafield>
  <datafield tag="852" ind1="0" ind2=" ">
   <subfield code="a">UPVIS</subfield>
   <subfield code="b">UPV-GL</subfield>
   <subfield code="h">LG 995 2005 E82 R45</subfield>
  </datafield>
  <datafield tag="942" ind1=" " ind2=" ">
   <subfield code="a">Thesis</subfield>
  </datafield>
 </record>
</collection>
